تحميل...

Framing the sign:criticism and its institutions/

التفاصيل البيبلوغرافية
المؤلف الرئيسي: Culler ,Jonathan
التنسيق: Printed Book
اللغة:English
منشور في: Oxford: Basil Blackwell, 1988.
LEADER 00511nam a2200133Ia 4500
008 111205s9999 xx 000 0 eng d
020 |a 9780631158967 
100 |a Culler ,Jonathan 
245 |a Framing the sign:criticism and its institutions/  |c Culler ,Jonathan 
260 |b Basil Blackwell,  |a Oxford:  |c 1988. 
300 |a 237p. 
942 |c BK  |2 ddc 
999 |c 203921  |d 203921 
952 |0 0  |1 0  |4 0  |6 E_801_950000000000000_CUL_F  |7 0  |9 225614  |a MAL  |b MAL  |c ST1  |d 2011-12-05  |g 7.00  |l 0  |o E 801.95 CUL/F  |p MAL23819  |r 2015-04-13  |v 7.00  |w 2018-08-20  |y BK